000 00666nam a2200181Ia 4500
008 100921s9999 xx 000 0 und d
082 _b6398
_a801.95 थ 74
100 _aदेशमुख माधव गोपाळ.
245 _aसाहित्य तोलन.
260 _bमाग्रस प्रकाशन, नागपूर.
_c1974
300 _a248
_b---
365 _b30
520 _aललित-टीका,तत्वे,तंत्र.
630 _aसाहित्य तोलन.
650 _aललित-टीका,तत्वे,तंत्र.
730 _aसाहित्य तोलन.
942 _cBOOK
999 _c755511
_d755508